Top Ranked Canadian Universities - Statistics

General Stats
  • This quiz has been taken 640 times
  • The average score is 7 of 15
Answer Stats
Hint Answer % Correct
3 McGill University
88%
1 University of Toronto
84%
2 University of British Columbia
69%
10 Queen's University
56%
5 University of Alberta
50%
7 York University
45%
14 University of Ottawa
44%
8 University of Calgary
42%
4 University of Waterloo
41%
11 Universite de Montreal
35%
12 University of Western Ontario
29%
9 University of Victoria
27%
15 University of Saskatchewan
24%
6 Simon Fraser University
23%
13 Universite Laval
15%
No matching quizzes found
Score Distribution
Percent of People with Each Score
Percentile by Number Answered
Your Score History
You have not taken this quiz